| 000 | 01256cam a22003495a 4500 | ||
|---|---|---|---|
| 001 | 17267458 | ||
| 003 | PILC | ||
| 005 | 20160322123129.0 | ||
| 008 | 120423s2015 nyu 000 0 eng | ||
| 010 | _a 2012938280 | ||
| 020 | _a9780071805001 | ||
| 020 | _a0071805001 | ||
| 040 |
_aDLC _cDLC _dDLC |
||
| 041 | 0 |
_aeng _aspa |
|
| 042 | _apcc | ||
| 050 |
_aPC 4629 _b.G662 2015 |
||
| 100 | 1 |
_aGordon, Ronni L., _eauthor. |
|
| 245 | 1 | 0 |
_aSpanish vocabulary drills / _cRonni L. Gordon and David M. Stillman. |
| 260 |
_aNew York : _bMcGraw Hill, _c2015. |
||
| 300 |
_avi, 249 pages ; _c28 cm |
||
| 650 | 0 |
_aSpanish language _xVocabulary. |
|
| 650 | 0 |
_aSpanish language _xVocabulary _vProblems, exercises, etc. |
|
| 650 | 0 |
_aSpanish language _vTextbooks for foreign speakers _xEnglish. |
|
| 650 | 0 |
_aSpanish language _vSelf-instruction. |
|
| 700 | 1 |
_aStillman, David M., _eauthor. |
|
| 856 | 4 | 2 |
_3Publisher description _uhttp://www.loc.gov/catdir/enhancements/fy1506/2012938280-d.html |
| 856 | 4 | 2 |
_3Contributor biographical information _uhttp://www.loc.gov/catdir/enhancements/fy1506/2012938280-b.html |
| 906 |
_a0 _bibc _corigres _d2 _encip _f20 _gy-gencatlg |
||
| 942 |
_2lcc _cBK |
||
| 999 |
_c292837 _d292837 |
||